MDQL
is popping MORE tags! Check the
thread
!
Quizzes
Events
Quiz Creation
Community
Videos
Private Events
Remove Ads
Sign In
Join for FREE
Feedback
Dark Mode
Quiz Categories
Sports
Geography
Music
Movies
Television
Just For Fun
Miscellaneous
History
Literature
Language
Science
Gaming
Entertainment
Religion
Holiday
For Kids
Quiz Lab
Recent
Popular Today
Quiz Kudos Today
Editor Picks
Curator Picks
Quizzes by...
Day
Popularity
Type
Ratings
Length
Year
Community
Subscriptions
Recent Discussions
Orange Saloon
Badges
Playlists
Quests
Create
Leaderboards
Showdown
Live 5
Trivia Bingo
Activity
Puzzle Library
Sporcle Events
Private Events
Virtual Trivia
Globe League
Become a Host
Pub Owners
SporcleCon
Opinionation
Our Games
Videos
Blog
Mobile Apps
Partnerships
Remove Ads and Go Orange
Feedback
History
US Presidents
World Leaders
Politics
Nation
Discovery
War
Decade
Year
Century
Biography
Art
History
US Presidents
World Leaders
Politics
Nation
Discovery
War
Decade
Year
Century
Biography
Art
Random Quiz
Search Sporcle
×
Quiz Lab
Quiz Lab
History
United Kingdom
Type in answers that appear in a list
Type in answers that appear in a list
Classic
Best Score? Go Orange.
Consorts of the United Kingdom Stats
Can you name the Consorts of the United Kingdom?
By
HopeRebron
10m
45 Questions
505 Plays
505 Plays
505 Plays
Comments
Comments
Give Quiz Kudos
Give Quiz Kudos
-
- Ratings
hide this ad
Replay
Link that replays current quiz
Next Quiz
Link to next quiz in quiz playlist
You Got
0%
They Got
Avg Score
88%
Avg Friend Score
Upgrade to see
Score Distribution
Jump to the score distribution portion of the page
Score
0/45
Timer
10:00
0
Plays Today
Monarch
Consort
% Correct
Richard II
Anne of Bohemia
98.2%
Richard III
Anne Neville
98.2%
Henry VIII
Anne Boleyn
98.2%
Henry VIII
Anne of Cleves
98.2%
James I
Anne of Denmark
98.2%
Edward IV
Elizabeth Woodville
98%
Henry VII
Elizabeth of York
98%
George VI
Elizabeth Bowes-Lyon
97.8%
Henry V
Catherine of France
97.2%
Henry VIII
Katherine of Aragon
97.2%
Henry VIII
Katherine Howard
97.2%
Henry VIII
Katherine Parr
97.2%
Charles II
Katharine of Braganza
97.2%
James II
Mary of Modena
97%
George V
Mary of Teck
97%
Mary I
Philip of Spain
96.6%
Elizabeth II
Philip of Greece and Denmark
96.6%
Henry VIII
Jane Seymour
96%
Victoria
Albert of Saxe-Coburg and Gotha
95.6%
Charles III
Camilla Parker Bowles
94.2%
William I
Matilda of Flanders
94.1%
Henry I
Matilda of Scotland
94.1%
Stephen
Matilda of Boulogne
94.1%
Monarch
Consort
% Correct
Henry II
Eleanor of Aquitaine
90.7%
Henry III
Eleanor of Provence
90.5%
Edward I
Eleanor of Castile
90.5%
Henry the Young King
Margaret of France
89.9%
George III
Charlotte of Mecklenburg-Strelitz
89.1%
Edward I
Marguerite of France
88.1%
Henry VI
Margaret of Anjou
87.9%
John
Isabella of Angouleme
87.3%
Edward II
Isabella of France
87.3%
Richard II
Isabella of France
87.3%
George II
Caroline of Brandenburg-Ansbach
85.1%
George IV
Caroline of Brunswick-Wolfenbüttel
85.1%
Edward VIII
Alexandra of Denmark
84.4%
Anne
George of Denmark
84%
Charles I
Henrietta Maria of France
81.6%
William IV
Adelaide of Saxe-Meiningen
77.8%
Henry IV
Joan of Navarre
76.4%
Jane
Lord Guildford Dudley
73.7%
Edward III
Phillipa of Hainault
71.5%
Richard I
Berengaria of Navarre
71.3%
Matilda
Geoffrey V of Anjou
70.5%
Henry I
Adeliza of Louvain
65%
Quiz Playlist
Details
Report
Send in Message
Add To Playlist
Classic:
Type in answers that appear in a list
Last Updated: Sep 23, 2023
Quiz Scoreboard
CHALLENGE
Sign Up to Join the Scoreboard
Show All
Scores
Hide
Comments
May contain spoilers
Recently Published
Colored Red Africa Blitz
by spor1
Geography
30s
Find the 'City' Movie
by crazypaving
Movies
60s
5x2 Blitz: Bands
by SL_Kpop136
Music
30s
More to Explore
Quiz From the Vault
Featured Blog Post
14 Easter Pick-up Lines to Find Eggs With
hide this ad
You Might Also Like...
Tags
United Kingdom Quiz
consort
date
Kingdom
life
monarch
United
Today's Top Quizzes in History
Browse History
hide this ad
Today's Top Quizzes in United Kingdom
Browse United Kingdom
Top Contributed Quizzes in History
1
Popular People in 1991
2
US National Parks Named After People
3
Order Up: 1000 Years of World Events I
4
Popular People in 1981
5
Popular People in 1951
6
Popular People in 1941
7
Popular People in 1986
8
Popular People in 1921
9
Popular People in 1976
10
Magic 10 Blitz: U.S. Presidents
Explore More
Trending Topics
Marvel
Harry Potter
Anime
Crossword
Disney
NBA
Kpop
The Office
Song
WWE
Soccer
Puzzle
NFL
Pokémon
Country
hide this ad
More By:
HopeRebron
Quiz
Plays
Rating
Category
Featured
Created
Children of British Monarchs
5,232
5.00
History
Nov 11, 2014
Children of French Monarchs
3,350
3.83
History
Dec 27, 2014
Popular French Royal Baby Names
2,714
4.32
History
Dec 26, 2014
Children of Spanish Monarchs
1,685
3.00
History
Dec 29, 2014
Children of Russian Monarchs
1,612
4.00
History
Jun 27, 2016
Go to Creator's Profile
Score Distribution
Quiz Creator Spotlight
HopeRebron
Follow
Send a Message
Quizzes Created
-
Created Quiz Play Count
-
More By This Creator
Popular Quizzes Today
1
Find the 'City' Movie
2
Colored Red Africa Blitz
3
5x2 Blitz: Bands
4
Find the US States - No Outlines Minefield
5
The Countries of the World
6
Find the US States
7
9x9 Crossword: Cartoon Network
8
US States
More History Quizzes
On This Day: June 4th
Published
Trending Quizzes
Colored Red Europe Blitz I
Colored Red Africa Blitz II
Colored Red Africa Blitz III
Colored Red Europe Blitz III
Colored Red Europe Blitz II
Recently Updated
Champions League XIs: Real Madrid
pecheneg
Largest US Cities 1790-2010
pecheneg
Rides in Walt Disney World
pecheneg
Most Oscar Losses (Acting)
pecheneg
Beyoncé Albums
pecheneg
Leaping Animals
pecheneg
Reality TV Shows (A-Z)
bhenderson79
Rickey Henderson's Hall of Fame Teammates
pecheneg
Champions League XIs: Arsenal
pecheneg
Quick Pick: Celebrities in WWE's Hall of Fame
aduchscher
Trending Topics
Marvel
Anime
Crossword
Harry Potter
Kpop
Disney
NBA
NFL
The Office
Soccer
Song
WWE
Puzzle
Country
Pokémon
Your Account Isn't Verified!
In order to create a playlist on Sporcle, you need to verify the email address you used during registration. Go to your
Sporcle Settings
to finish the process.
Report this User
Report this user for behavior that violates our
Community Guidelines
.
Details:
Send Report
Go to the Sporcle.com Mobile Site →
Comments